[Event "Cali op-C"]
[Site "Cali"]
[Date "2008.12.26"]
[Round "2"]
[White "Hernandez, Wilber"]
[Black "Lopez, Christian"]
[Result "1-0"]
[WhiteElo "1600"]
[BlackElo "1651"]
[PlyCount "115"]
[EventDate "2008.12.26"]
[EventType "swiss"]
[EventRounds "9"]
[EventCountry "COL"]
[SourceTitle "EXT 2011"]
[Source "ChessBase"]
[SourceDate "2010.11.26"]
[SourceVersion "1"]
[SourceVersionDate "2010.11.26"]
[SourceQuality "1"]

1. e4 e5 2. Nf3 Nc6 3. Bb5 a6 4. Ba4 Nf6 5. 0-0 Be7 6. Re1 b5 7. Bb3 0-0 8. c3 d5 9. exd5 Nxd5 10. Nxe5 Nxe5 11. Rxe5 Nf6 12. d4 Bd6 13. Re2 Ng4 14. g3 Bb7 15. Qf1 Bf3 16. Re1 Qf6 17. Nd2 Rae8 18. Nxf3 Qxf3 19. Bd2 Rxe1 20. Rxe1 Kh8 21. Qe2 Qf5 22. Bd1 h5 23. Qf3 Qg6 24. Qe4 f5 25. Qe6 Rf6 26. Qe8+ Kh7 27. Bb3 Rf8 28. Qxg6+ Kxg6 29. Kg2 Kh7 30. Bd1 Nf6 31. Bf3 g6 32. b4 Nd7 33. Bg5 Rf7 34. Bd5 Rg7 35. Re8 Nb6 36. Bb3 Rd7 37. Bf6 g5 38. Be6 Kg6 39. Bxd7 Kxf6 40. Bc6 Na4 41. c4 Bxb4 42. cxb5 axb5 43. Bxb5 Nc3 44. Bc4 Ne4 45. Rh8 Nd6 46. Bd3 Kg6 47. h3 Nf7 48. Rg8+ Kf6 49. a4 Bc3 50. Rc8 Bxd4 51. Rxc7 Ne5 52. Be2 g4 53. hxg4 hxg4 54. a5 Ke6 55. a6 Nd7 56. a7 Nb6 57. Rc6+ Kd7 58. Rxb6 1-0

[Event "Santiago CC Puente Alto"]
[Site "Santiago de Chile"]
[Date "2003.05.04"]
[Round "6.5"]
[White "San Martin Alvarez, Albert"]
[Black "Lopez, Christian"]
[Result "0-1"]
[WhiteElo "1963"]
[BlackElo "2036"]
[PlyCount "80"]
[EventDate "2003.04.07"]
[EventType "tourn"]
[EventRounds "11"]
[EventCountry "CHI"]
[SourceTitle "EXT 2004"]
[Source "ChessBase"]
[SourceDate "2003.11.25"]
[SourceVersion "1"]
[SourceVersionDate "2003.11.25"]
[SourceQuality "1"]

1. d4 Nf6 2. c4 d6 3. Nc3 Nbd7 4. Nf3 g6 5. g3 Bg7 6. Bg2 0-0 7. 0-0 c6 8. b3 e5 9. dxe5 dxe5 10. Ba3 Re8 11. e4 Qa5 12. Bb2 Nf8 13. Qc2 Bg4 14. h3 Bxf3 15. Bxf3 Ne6 16. Bg2 Nd4 17. Qd3 Nd7 18. Na4 b5 19. Bc3 b4 20. Bd2 Nc5 21. Nxc5 Qxc5 22. Be3 Qd6 23. Rad1 Red8 24. Rd2 Nf3+ 25. Bxf3 Qxd3 26. Rxd3 Rxd3 27. Be2 Rd7 28. Bg4 Rd3 29. Be2 Rd6 30. c5 Rdd8 31. Rc1 h5 32. Rc4 a5 33. g4 hxg4 34. Bxg4 Kh7 35. Kg2 Bh6 36. f4 exf4 37. Bd4 Bg7 38. Bf2 Rd2 39. Kf1 Rad8 40. Bh4 R8d4 0-1

[Event "Santiago CC Puente Alto"]
[Site "Santiago de Chile"]
[Date "2003.04.20"]
[Round "5.3"]
[White "Lopez, Christian"]
[Black "Mella Zuniga, Gustavo"]
[Result "0-1"]
[WhiteElo "2036"]
[BlackElo "2172"]
[PlyCount "48"]
[EventDate "2003.04.07"]
[EventType "tourn"]
[EventRounds "11"]
[EventCountry "CHI"]
[SourceTitle "EXT 2004"]
[Source "ChessBase"]
[SourceDate "2003.11.25"]
[SourceVersion "1"]
[SourceVersionDate "2003.11.25"]
[SourceQuality "1"]

1. d4 Nf6 2. c4 g6 3. Nc3 Bg7 4. e4 d6 5. Nf3 0-0 6. Be2 e5 7. Be3 Qe7 8. d5 a5 9. 0-0 Na6 10. a3 Nc5 11. Nd2 Bd7 12. b4 axb4 13. axb4 Na6 14. Qb3 Nh5 15. c5 Rfb8 16. Bxa6 Rxa6 17. Rxa6 bxa6 18. c6 Bc8 19. Qc4 Nf4 20. g3 Nh3+ 21. Kg2 Ng5 22. Bxg5 Qxg5 23. Rd1 Qh5 24. Rb1 Bh3+ 0-1

[Event "Santiago CC Puente Alto"]
[Site "Santiago de Chile"]
[Date "2003.04.20"]
[Round "4.4"]
[White "Norambuena Hernandez, Marco Antonio"]
[Black "Lopez, Christian"]
[Result "0-1"]
[WhiteElo "1832"]
[BlackElo "2036"]
[PlyCount "63"]
[EventDate "2003.04.07"]
[EventType "tourn"]
[EventRounds "11"]
[EventCountry "CHI"]
[SourceTitle "EXT 2004"]
[Source "ChessBase"]
[SourceDate "2003.11.25"]
[SourceVersion "1"]
[SourceVersionDate "2003.11.25"]
[SourceQuality "1"]

1. d4 Nf6 2. c4 g6 3. Nc3 Bg7 4. e4 d6 5. Nf3 0-0 6. Be2 e5 7. dxe5 dxe5 8. Qxd8 Rxd8 9. Bg5 c6 10. Nxe5 Re8 11. f4 h6 12. Bxf6 Bxf6 13. Ng4 Bxc3+ 14. bxc3 Bxg4 15. Bxg4 Rxe4+ 16. Kd2 Rxf4 17. Bc8 a5 18. Rhe1 Kf8 19. Rab1 Rf2+ 20. Re2 Rxe2+ 21. Kxe2 Na6 22. Bxb7 Rb8 23. Rb6 Nc5 24. Rxc6 Nxb7 25. Rb6 Re8+ 26. Kd3 Rd8+ 27. Kc2 Rd7 28. Rb5 Ke7 29. c5 Rc7 30. c6 Nd8 31. Rxa5 Nxc6 32. Rc5 0-1

[Event "Santiago CC Puente Alto"]
[Site "Santiago de Chile"]
[Date "2003.03.30"]
[Round "1.4"]
[White "Lopez, Christian"]
[Black "Diaz, Arturo1111"]
[Result "0-1"]
[WhiteElo "2036"]
[BlackElo "1995"]
[PlyCount "64"]
[EventDate "2003.04.07"]
[EventType "tourn"]
[EventRounds "11"]
[EventCountry "CHI"]
[SourceTitle "EXT 2004"]
[Source "ChessBase"]
[SourceDate "2003.11.25"]
[SourceVersion "1"]
[SourceVersionDate "2003.11.25"]
[SourceQuality "1"]

1. d4 Nf6 2. c4 e6 3. Nc3 Bb4 4. Bg5 h6 5. Bxf6 Qxf6 6. e3 Bxc3+ 7. bxc3 c5 8. Nf3 Nc6 9. e4 d6 10. Be2 0-0 11. 0-0 Rd8 12. Qd2 e5 13. h3 cxd4 14. cxd4 exd4 15. Rad1 Qg6 16. Nxd4 Bxh3 17. Bf3 Ne5 18. Qe2 Nxf3+ 19. Qxf3 Bg4 20. Qf4 Bxd1 21. Rxd1 Rac8 22. Nf5 Qf6 23. Rxd6 Rxd6 24. Qxd6 Qxd6 25. Nxd6 Rc6 26. e5 Rc5 27. f4 b6 28. Kf2 Ra5 29. Ke3 h5 30. Ke4 Rxa2 31. Kf5 Rxg2 32. Nc8 h4 0-1